Allgemeinwissen-Quiz #20 - Statistiken

Allgemein
  • Dieses Quiz wurde 129 mal gespielt
  • Das Durchschnittsergebnis liegt bei 11 aus 20
Antwortstatistiken
Frage Antwort % Korrekt
Wie hiess der Papst vor dem ehemaligen Papst Franziskus? Benedikt XVI
92%
Welche Krankheit kürzt man üblicherweise mit "MS" ab? Multiple Sklerose
91%
Welcher dieser Umrisse gehört zu Vietnam?
81%
Welche Flagge zeigt die von Taiwan?
76%
Von welchem Spiel ist "Texas Hold'em" eine spezielle Variante? Poker
75%
Wer schrieb die Bücher Game of Thrones? George R. R. Martin
68%
In welcher Einheit wird die Reinheit von Gold angegeben? Karat
64%
Wovon wurde London 1666 heimgesucht? Einem grossen Brand
63%
Wofür steht die Abkürzung HTML? HyperText Markup Language
63%
Wie wird im Bankwesen die Haftung für Verbindlichkeiten genannt? Obligo
60%
Welcher dieser Fussballer hat nie für Real Madrid gespielt?
58%
Was macht den Kurzschnabeligel besonders? Er legt Eier, obwohl er ein Säugetier ist
56%
Für welches Verbrechen wurde Galileo unter Hausarrest gestellt? Ketzerei
42%
Welche deutsche Burg wird auch als "Fränkische Krone" bezeichnet? Veste Coburg
41%
Auf welchem Bild sehen wir ein Bismut?
40%
Für welches Team spielt Quarterback Josh Allen, der in der vergangenen Saison den MVP Award gewonnen hat?
35%
Welches Geschlecht hat das Pollenkorn? Männlich
28%
Welche Göttin wurde bei den Ägyptern als Katze dargestellt? Bastet
23%
Wie heisst das 4.000 Kilometer lange Canyonsystem auf dem Mars? Valles Marineris
23%
Was ist kein Trivialname der Margerite (Pflanze)? Sonnenstern
18%
Keine übereinstimmenden Quizze gefunden
Verteilung der Resultate
Anzahl Personen mit jedem Resultat
Perzentil nach korrekt beantworteten Fragen
Ihre Resultats-Entwicklung
Sie haben dieses Quiz noch nicht gespielt